| 000 | 00526nam a2200181Ia 4500 | ||
|---|---|---|---|
| 005 | 20260429111958.0 | ||
| 008 | 260429s9999||||xx |||||||||||||| ||und|| | ||
| 020 | _a9783161641282 | ||
| 041 | _aEnglish | ||
| 082 |
_a340 _bBAS |
||
| 100 | _aBasedow, Jurgen | ||
| 245 | 0 |
_aUniform law : _blegal responses to globalisation / _cJurgen Basedow |
|
| 260 |
_aGermany : _bMohr Siebeck, _c2024. |
||
| 300 | _axi, 525 p.; hb | ||
| 440 | _aContribution to foreign and international private law; 142 | ||
| 650 | _aLaw | ||
| 942 | _cTB | ||
| 999 |
_c51724 _d51724 |
||